000 00602nam a2200217Ii 4500
003 JO-AjNU
008 230606s9999||||xx |||||||||||||| ||und||
020 _a978-007-118844-9
040 _aJO-AjNU
_beng
_erda
_cJO-AjNU
041 _aeng
050 1 4 _aTA775.B63.1997
100 3 _aBowles/Joseph,
_eauthor
_94083
245 0 0 _aFoundation analysis and Design
250 _a5 ed
264 3 1 _aLondon:Mcgraw hill,1997
300 _a1175p
336 _atext
_btxt
_2rdacontent
337 _aunmediated
_bn
_2rdamedia
338 _avolume
_bnc
_2rdacarrier
650 4 _aFoundations-soil mechanic
_94084
999 _aE2125
_c2124
_d2124